Margaret Sanger et la croisade pour le contrôle des naissances / (notice nᵒ 6011)
[ vue normale ]
| 000 -LEADER | |
|---|---|
| fixed length control field | 02311 a2200325 4500 |
| 001 - CONTROL NUMBER | |
| control field | OB-enseditions-6397 |
| 003 - CONTROL NUMBER IDENTIFIER | |
| control field | FrMaCLE |
| 005 - DATE AND TIME OF LATEST TRANSACTION | |
| control field | 20251214082637.0 |
| 007 - PHYSICAL DESCRIPTION FIXED FIELD--GENERAL INFORMATION | |
| fixed length control field | cu ||||||m|||| |
| 008 - FIXED-LENGTH DATA ELEMENTS--GENERAL INFORMATION | |
| fixed length control field | 170611e||||||||xx |||||s|||||||||0|fr|d |
| 020 ## - INTERNATIONAL STANDARD BOOK NUMBER | |
| International Standard Book Number | 978-2-84788-738-9 |
| 024 7# - OTHER STANDARD IDENTIFIER | |
| Standard number or code | 10.4000/books.enseditions.6397 |
| Source of number or code | doi |
| 040 ## - CATALOGING SOURCE | |
| Original cataloging agency | FR-FrMaCLE |
| 041 ## - LANGUAGE CODE | |
| Language code of text/sound track or separate title | fra |
| 100 1# - MAIN ENTRY--PERSONAL NAME | |
| Personal name | Durand-Vallot, Angeline |
| 245 10 - TITLE STATEMENT | |
| Title | Margaret Sanger et la croisade pour le contrôle des naissances / |
| Statement of responsibility, etc. | . |
| 260 ## - PUBLICATION, DISTRIBUTION, ETC. | |
| Place of publication, distribution, etc. | Lyon : |
| Name of publisher, distributor, etc. | ENS Éditions, |
| Date of publication, distribution, etc. | 2017. |
| 300 ## - PHYSICAL DESCRIPTION | |
| Extent | 199 p. |
| 500 ## - GENERAL NOTE | |
| General note | Ebook |
| 520 ## - SUMMARY, ETC. | |
| Summary, etc. | « La femme doit avoir sa liberté, la liberté fondamentale de choisir si elle sera ou non mère et combien d'enfants elle aura. » Margaret Sanger, Woman and the New Race. Cet ouvrage retrace le parcours de Margaret Sanger, pionnière de la lutte en faveur du contrôle des naissances aux États-Unis au début du xxe siècle. Féministe d'avant-garde, radicale, provocatrice, Margaret Sanger reste une figure incontournable et controversée de l'histoire de la lutte pour la liberté de contraception. Les textes ici présentés mettent en perspective ses combats pour l'accès aux moyens contraceptifs et à l'éducation sexuelle envisagée comme une arme contre la pauvreté et l'oppression des femmes à une époque où la propagande anticonceptionnelle était encore prohibée aux États-Unis. Ses écrits permettent par ailleurs de comprendre les principaux fondements idéologiques des transformations intervenues près d'un demi-siècle plus tard avec les revendications portées par les féministes américaines de la deuxième vague. Sortir de l'obscurité posthume cette femme visionnaire, telle est l'ambition de cet ouvrage qui, en mettant en exergue l'histoire passée, nous éclaire sur les enjeux actuels de la question des droits reproductifs. |
| 540 ## - TERMS GOVERNING USE AND REPRODUCTION NOTE | |
| Terms governing use and reproduction | OpenEdition Books License |
| Uniform Resource Identifier | <a href="https://www.openedition.org/12554">https://www.openedition.org/12554</a> |
| 650 #4 - SUBJECT ADDED ENTRY--TOPICAL TERM | |
| Topical term or geographic name entry element | Public Health & Health Care Science |
| Topical term or geographic name entry element | Women's Studies |
| Topical term or geographic name entry element | Sanger (Margaret) |
| Topical term or geographic name entry element | féminisme |
| Topical term or geographic name entry element | contraception |
| Topical term or geographic name entry element | avant-garde |
| 776 ## - ADDITIONAL PHYSICAL FORM ENTRY | |
| International Standard Book Number | 978-2-84788-368-8 |
| 856 4# - ELECTRONIC LOCATION AND ACCESS | |
| Data provenance | Durand-Vallot, Angeline |
| Uniform Resource Identifier | <a href="https://books.openedition.org/enseditions/6397">https://books.openedition.org/enseditions/6397</a> |
| Link text | Margaret Sanger et la croisade pour le contrôle des naissances |
Pas d'exemplaire disponible.
